Natalie Portman Movies Quiz Stats

 Plays Quiz Updated Jan 4, 2021

Support Sporcle.
Go Orange.
Score 0/44 Timer 05:00
3 Plays Today
Year Movie % Correct
2002Star Wars: Episode II - Attack of the Clones
76%
1999Star Wars: Episode I - The Phantom Menace
74.6%
2005Star Wars: Episode III - Revenge of the Sith
74.1%
2008The Other Boleyn Girl
65.3%
2005V for Vendetta
64.6%
2019Avengers: Endgame
63.4%
1994The Professional
54.6%
2010Black Swan
49.5%
2013Thor: The Dark World
47.3%
2016Jackie
45.7%
2004Garden State
44.9%
2004Closer
43.8%
2018Annihilation
32.3%
2011Thor
29.7%
2000Where the Heart Is
29.1%
2018Vox Lux
23.8%
2011No Strings Attached
23.4%
2019Lucy in the Sky
22.7%
2016Jane Got a Gun
21.8%
2007Mr. Magorium's Wonder Emporium
20.1%
1999Anywhere But Here
18.3%
1996Beautiful Girls
17.4%
Year Movie % Correct
2007The Darjeeling Limited
17.2%
2000Zoolander
16.5%
1995Heat
15.6%
1996Mars Attacks!
14.7%
2009Brothers
14.2%
2011Your Highness
13.8%
2017Song to Song
12.3%
2006Paris, I Love You
11.6%
2003Cold Mountain
10.8%
2008New York, I Love You
10.6%
2015A Tale of Love and Darkness
10%
2016Planetarium
9.8%
2006Goya's Ghosts
9.5%
2009Love and Other Impossible Pursuits
8.8%
1996Everyone Says I Love You
8.4%
2007My Blueberry Nights
7.7%
2010Hesher
6.2%
2017The Heyday of the Insensitive Bastards
5.9%
2018The Death and Life of John F. Donovan
5.9%
2013Knight of Cups
5.6%
2005Free Zone
5.1%
2005Domino One
4.4%

From the Vault

Animated TV Character Sort II

by BoggelTeam

If we put all these characters in a room together, would any of them come out alive?
Remove Ads.
Support Sporcle.
Get the best of Sporcle when you Go Orange. This ad-free experience offers more features, more stats, and more fun while also helping to support Sporcle. Thank you for becoming a member.

Show Comments

Extras

Top Quizzes Today


Score Distribution

Your Account Isn't Verified!

In order to create a playlist on Sporcle, you need to verify the email address you used during registration. Go to your Sporcle Settings to finish the process.

Report this User

Report this user for behavior that violates our Community Guidelines.

Details: